Statistics for Countries of Oceania - dark mode

Click here to take the quiz!

General Stats

  • This quiz has been taken 25 times
  • The average score is 12 of 14

Answers on the Map

Answers color-coded by a green-red scale on the quiz's map according to % correct below.
 

Answer Stats

Country% Correct
Australia
95%
Nauru
95%
Samoa
91%
Tuvalu
91%
Vanuatu
91%
Kiribati
86%
Palau
86%
New Zealand
82%
Papua New Guinea
82%
Tonga
82%
Fed. States of Micronesia
77%
Fiji
77%
Marshall Islands
68%
Solomon Islands
68%

Score Distribution

Percentile by Number Answered

Percent of People with Each Score

Your Score History

You have not taken this quiz